| 000 | 00488nam a2200181Ia 4500 | ||
|---|---|---|---|
| 001 | 8937 | ||
| 005 | 20260306160646.0 | ||
| 008 | 260306t2015||||xx |||||||||||||| ||spa|| | ||
| 041 | _aESP | ||
| 082 |
_a371.94 _bM96 |
||
| 100 |
_aMuñoz, María Dolores _eAUT |
||
| 245 | 0 |
_aTrastorno de conducta y personalidad: _bguía de primeros auxilios psicológicos en el aula |
|
| 260 | _c2015 | ||
| 300 |
_a446 páginas : _c24 cm. |
||
| 650 | _aGEN | ||
| 654 | _aCED | ||
| 942 |
_cLIB _dJUS _fJUS _2ddc _n |
||
| 999 |
_c8937 _d8937 |
||